000 00358cam a2200145ua 4500
041 _aeng
_h
082 _a828.09
_bEVA/LI
100 _aEvans, Ifor .
245 _aLiterature and Science /
_cIfor Evans.
_hTextual Documents
260 _aLondon :
_bGeorge Allen & Unwin Ltd ,
_c1960.
300 _a114 ; .
504 _a
942 _cBK
999 _c845
_d845